000
00287nam a22001097a 4500
040
_c
SK
082
_a
333
100
_a
ជ្រុន រិទ្ធី
245
_a
Renewable energy; ថាមពលកកើតឡើងវិញ
260
_a
RUA
_b
ជ្រុន
_c
2008
942
_c
KB
999
_c
10109
_d
10109